Analýza možností a efektívnosti digitalizácie dokumentov bakalárska práca

Salvato in:
Dettagli Bibliografici
Autore principale: Prekopová, Katarína
Ente Autore: Fakulta hospodárskej informatiky EU. Katedra aplikovanej informatiky
Altri autori: Cárachová, Magdaléna
Natura: Libro
Lingua:slovacco
Pubblicazione: Bratislava 2012
Tags: Aggiungi Tag
Nessun Tag, puoi essere il primo ad aggiungerne!!

MARC

LEADER 00000nbm a2200000 4500
001 0156185
005 20161109111943.8
041 0 |a slo 
044 |a SK 
245 1 0 |a Analýza možností a efektívnosti digitalizácie dokumentov  |b bakalárska práca  |c Katarína Prekopová ; školiteľ: Magdaléna Cárachová 
264 1 |a Bratislava  |c 2012 
300 |a 39 s. 
100 1 |a Prekopová, Katarína 
700 1 |a Cárachová, Magdaléna 
710 2 |a Fakulta hospodárskej informatiky EU. Katedra aplikovanej informatiky